Statistiques concernant Membres d'un groupe 4

Cliquez ici pour prendre le quiz!

Statistiques générales

  • Ce quiz a été pris 44 fois
  • Le résultat moyen est 8 sur 15

Statistiques - réponses

HintRéponse% Correct
Léman, Titicaca, Loch Ness...Lacs
91%
Emeraude, Rubis, Saphir...Pierres précieuses
84%
Etna, Olympus Mons, Krakatoa...Volcans
82%
Sequoia, Ginkgo, Cèdre...Arbres
80%
Magellan, Marco Polo, Vasco de Gama...Explorateurs
75%
Gard, George-Washington, Golden Gate...Ponts
68%
Cyclope, Tornade, Wolverine...X-Men
66%
Kayak, Ressasser, Radar...Palindromes
55%
L'Appel de Cthulhu, Donjons&Dragons, Pavillon NoirJeux de rôle
48%
Requiem, Les 4 saisons, Lettre à Elise...Oeuvres de la musique classique
45%
Bachi-bouzouk, Ectoplasme, Bougre de zouave...Insultes du capitaine Haddock
41%
Sirius, Cygni, Altair...Etoiles
32%
Smithsonian, du Capitole, Ghibli...Musées
23%
Edmund, Aslan, Ripitchip...Personnages de Narnia
9%
Toltèques, Incas, Mayas...Civilisations précolombiennes
7%

Distribution des résultats

Percentile par nombre de réponses

% des personnes avec chaque résultat

Votre développement - résultats

Vous n’avez pas pris ce quiz